Las norias en México (Record no. 151432)
[ view plain ]
| 000 -LEADER | |
|---|---|
| fixed length control field | nam a22 4500 |
| 005 - DATE AND TIME OF LATEST TRANSACTION | |
| control field | 20190923135202.0 |
| 008 - FIXED-LENGTH DATA ELEMENTS--GENERAL INFORMATION | |
| fixed length control field | 190923b mx ||||| |||| 00| 0 spa d |
| 020 ## - INTERNATIONAL STANDARD BOOK NUMBER | |
| International Standard Book Number | 9786070241239 (obra completa) |
| 020 ## - INTERNATIONAL STANDARD BOOK NUMBER | |
| International Standard Book Number | 9786070267376 |
| 050 04 - LIBRARY OF CONGRESS CALL NUMBER | |
| Classification number | TD228.M6 |
| Item number | E66 2015 |
| 100 1# - MAIN ENTRY--PERSONAL NAME | |
| Personal name | Seele, Enno. |
| 240 10 - UNIFORM TITLE | |
| Uniform title | Wasserschöpfräder in Mexiko. |
| Language of a work | Español |
| 245 14 - TITLE STATEMENT | |
| Title | Las norias en México |
| Statement of responsibility, etc | / texto y fotografía Enno Seele ; traducción Irene Steiner Gabriel, Úsurla Obeg. |
| 250 ## - EDITION STATEMENT | |
| Edition statement | 2a ed. |
| 260 ## - PUBLICATION, DISTRIBUTION, ETC. (IMPRINT) | |
| Place of publication, distribution, etc | México, D.F. : |
| Name of publisher, distributor, etc | Universidad Nacional Autónoma de México, programa Universitario de Estudios de la Diversidad Cultural y la Interculturalidad, |
| Date of publication, distribution, etc | 2015. |
| 300 ## - PHYSICAL DESCRIPTION | |
| Extent | 217 p. : |
| Other physical details | il. ; |
| Dimensions | 20 cm. |
| 490 ## - SERIES STATEMENT | |
| Series statement | Colección : tecnologías tradicionales utilitarias de México |
| Volume number/sequential designation | ; N°2 |
| 504 ## - BIBLIOGRAPHY, ETC. NOTE | |
| Bibliography, etc | Incluye bibliografía (p.81-89) |
| 650 #7 - SUBJECT ADDED ENTRY--TOPICAL TERM | |
| Source of heading or term | lemb |
| Topical term or geographic name as entry element | Abastecimiento de agua |
| Geographic subdivision | México |
| 650 #7 - SUBJECT ADDED ENTRY--TOPICAL TERM | |
| Source of heading or term | lemb |
| Topical term or geographic name as entry element | Agua |
| General subdivision | Estructuras hidráulicas |
| Geographic subdivision | México |
| 700 1# - ADDED ENTRY--PERSONAL NAME | |
| Personal name | Rojas Rabiela, Teresa, |
| Relator term | coordinadora |
| 700 1# - ADDED ENTRY--PERSONAL NAME | |
| Personal name | del Val, José, |
| Relator term | coordinador |
| 700 1# - ADDED ENTRY--PERSONAL NAME | |
| Personal name | Steiner Gabriel, Irene, |
| Relator term | traducción |
| 700 1# - ADDED ENTRY--PERSONAL NAME | |
| Personal name | Obeg, Úsurla, |
| Relator term | traducción |
| 942 ## - ADDED ENTRY ELEMENTS (KOHA) | |
| Source of classification or shelving scheme | Biblioteca del Cogreso de los Estados Unidos |
| Koha item type | Libro |
| Estado de pérdida | Fuente de clasificación | Estado del daño | No para préstamo | Ubicación permanente | Ubicación actual | Apartado o colección | Fecha de adquisición | Área del conocimiento | Clasificación | Código de Barras | Date last seen | Número de copia | Costo por reposición | Tipo de recurso | Nota pública |
|---|---|---|---|---|---|---|---|---|---|---|---|---|---|---|---|
| Biblioteca del Cogreso de los Estados Unidos | Biblioteca del Instituto de Investigaciones Históricas | Biblioteca del Instituto de Investigaciones Históricas | General | 23/09/2019 | Ingeniería y Tecnología | TD228.M6 E66 2015 | IIH000029023 | 23/09/2019 | C:1 | 1.00 | Libro | GENERAL |